|
|
|
|
| LEADER |
00000nam a22000007a 4500 |
| 005 |
2022050906456.0 |
| 007 |
cr|||| |||| |
| 008 |
220509s2021 ea |||||s|||| 00||0 spa d |
| 020 |
|
|
|a 978-84-122999-9-1
|
| 035 |
|
|
|a 35615
|
| 040 |
|
|
|a vLex
|
| 090 |
|
|
|c 13306
|d 13306
|
| 100 |
1 |
|
|a Fernǹdez Prol, Francisca
|
| 245 |
1 |
0 |
|a Pesca mart̕ima y crecimiento sostenible
|h [Recurso electrn̤ico] :
|b anl̀isis en clave jurd̕ica /
|c Francisca Fernǹdez Prol
|
| 256 |
|
|
|a Servicio en ln̕ea
|
| 260 |
|
|
|a Barcelona:
|b J.M. Bosch Editor,
|c 2021
|
| 300 |
|
|
|a 1 recurso electrn̤ico
|
| 500 |
|
|
|a Esta obra colectiva constituye un anl̀isis pluridisciplinar de la actividad mart̕imo-pesquera, realidad compleja y poliďrica, hoy por hoy, adems̀, confrontada a la necesidad de su crecimiento sostenible, tanto desde una perspectiva medio-ambiental como social. En ella, especialistas en Derecho Internacional Pb︢lico, Derecho Internacional Privado y Derecho del Trabajo y de la Seguridad Social, miembros del Proyecto Jean Monnet ±Une visin̤ Europěnne des ocǎns et des mers: pc̊he maritime et croissance durable» (EU-PÊCHE), abordan los grandes retos de la pesca sostenible: as,̕ entre otros, la confl uencia de la Polt̕ica Mart̕ima Integrada y del Pacto Verde Europeo, el concepto mismo de pesca sostenible, la conservacin̤ y gestin̤ de los recursos marinos, la lucha contra la pesca ilegal, no declarada y no reglamentada, la responsabilidad social corporativa en el desarrollo de una pesca responsable, o las condiciones laborales, de empleo y de proteccin̤ social de los pescadores
|
| 506 |
1 |
|
|a Disponible solo en los productos indicados
|d vLex Global
|d vLex Global (Academic Edition, excluding Law Schools)
|d vLex Global (U.S. Academic Edition, Law Schools)
|d vLex Global (U.S. Academic Edition, excluding Law Schools)
|d vLex Global (Academic Edition, Law Schools)
|
| 650 |
0 |
4 |
|a Derecho Laboral y Seguridad Social
|z Espaą
|
| 650 |
0 |
4 |
|a Derecho Internacional
|z Espaą
|
| 740 |
0 |
|
|a vLex Libros (Servicio en ln̕ea)
|
| 856 |
4 |
0 |
|u https://app.vlex.com/#/sources/35615
|z Acceso restringido
|
| 942 |
|
|
|c BOOK
|
| 999 |
0 |
|
|a Labor Law and Social Security
|
| 999 |
0 |
|
|a International Law
|